000 00770nam a2200217Ia 4500
999 _c45407
_d45407
001 12231
003 GE_BSU
005 20221117160726.0
008 181216s2006en xx |||||||||||||| ||eng||
020 _a0471478490 x
040 _cGE_BSU
041 _aeng
080 _a338.48 T-38
100 _aResone,D.V.
_915904
245 _aHospitality Information Sustems and E-Commerce /
_cD.V. Resone.
264 _aCanada:
_bHoboken,N,J.Wiley,
_c2006.
300 _a286 p.:
_bill;
_c24 cm.
653 _aHospitality Information Sustems and E-Commerce.
653 _aსტუმართმოყვარეობის საინფორმაციო სისტემები და ელექტრონული კომერცია.
942 _cBK
_2udc